000 00461nam a2200145Ia 4500
008 100122s9999 xx 000 0 und d
082 _b6666
_a823
100 _aआपटे ना ह
245 _aत्या अबला होत्या
260 _bआपटे आणि मंडळी
_c1949
300 _a262
630 _aत्या अबला होत्या
730 _aत्या अबला होत्या
942 _cBOOK
999 _c399629
_d399626